The worlding project : doing cultural studies in the era of globalization (Record no. 57296)
[ view plain ]
| 000 -LEADER | |
|---|---|
| fixed length control field | 00735nam a2200241Ia 4500 |
| 005 - DATE AND TIME OF LATEST TRANSACTION | |
| control field | 20260629163254.0 |
| 008 - FIXED-LENGTH DATA ELEMENTS--GENERAL INFORMATION | |
| fixed length control field | 260629s9999||||xx |||||||||||||| ||und|| |
| 020 ## - INTERNATIONAL STANDARD BOOK NUMBER | |
| International Standard Book Number | 9781556436802 |
| Qualifying information | pbk |
| 082 ## - DEWEY DECIMAL CLASSIFICATION NUMBER | |
| Classification number | 303.482 |
| Item number | WIL |
| 100 ## - MAIN ENTRY--PERSONAL NAME | |
| Personal name | Wilson, Rob [ed.] |
| 245 #4 - TITLE STATEMENT | |
| Title | The worlding project : doing cultural studies in the era of globalization |
| 260 ## - PUBLICATION, DISTRIBUTION, ETC. | |
| Place of publication, distribution, etc. | Santa Cruz, CA |
| Name of publisher, distributor, etc. | New Pacific Press |
| Date of publication, distribution, etc. | 2007 |
| 300 ## - PHYSICAL DESCRIPTION | |
| Extent | xi, 243p. ; 21cm. |
| 653 ## - INDEX TERM--UNCONTROLLED | |
| Uncontrolled term | Cultural studies |
| 653 ## - INDEX TERM--UNCONTROLLED | |
| Uncontrolled term | Globalization |
| 653 ## - INDEX TERM--UNCONTROLLED | |
| Uncontrolled term | Intercultural communication |
| 653 ## - INDEX TERM--UNCONTROLLED | |
| Uncontrolled term | Internationalism |
| 653 ## - INDEX TERM--UNCONTROLLED | |
| Uncontrolled term | Mass media and culture |
| 653 ## - INDEX TERM--UNCONTROLLED | |
| Uncontrolled term | Politics and culture |
| 653 ## - INDEX TERM--UNCONTROLLED | |
| Uncontrolled term | Social networks |
| 700 ## - ADDED ENTRY--PERSONAL NAME | |
| Personal name | Connery, Christopher Leigh [ed.] |
| 942 ## - ADDED ENTRY ELEMENTS (KOHA) | |
| Koha item type | Book |
| Withdrawn status | Lost status | Damaged status | Not for loan | Home library | Current library | Shelving location | Date acquired | Source of acquisition | Total Checkouts | Full call number | Barcode | Date last seen | Price effective from | Koha item type |
|---|---|---|---|---|---|---|---|---|---|---|---|---|---|---|
| LRC, IIT Indore | LRC, IIT Indore | 3rd Floor - General Stack | 29/06/2026 | Gratis Book Price: USD 16.00 | 303.482 WIL | G2521 | 29/06/2026 | 29/06/2026 | Book |
